000 00480nam a2200169 4500
001 107700
003 ES-MaACL
005 20230906184455.0
007 t|
008 061121s1963 sp r ||||1| spa d
100 1 _aMosquero Martín, Manuel.
_983788
245 1 0 _aHomilias comentadas y predicadas /
_cManuel Mosquero Martín.
250 _a2ª. ed. cor. y aum.
260 _aMadrid :
_bStudium,
_c1963.
300 _a279 p. ;
_c24 cm.
852 _aES-MaACL
_jC-24549
_bR.53029
999 _c107700
_d107700